000 00204nam a2200097Ia 4500
008 240331s9999 xx 000 0 und d
082 _bDHA
100 _aDharmabandu,T.S
245 0 _aPirulu mini
942 _cL
999 _c5207
_d5207